[Event "Foz do Iguacu op 5th"]
[Site "Foz do Iguacu"]
[Date "2015.06.07"]
[Round "6"]
[White "Almeida, Carlos Bruno Gomes"]
[Black "Farhat, Ali Abdallah"]
[Result "1-0"]
[WhiteElo "1877"]
[BlackElo "1766"]
[PlyCount "73"]
[EventDate "2015.06.05"]
[EventType "swiss"]
[EventRounds "6"]
[EventCountry "BRA"]
[SourceTitle "CBM 166 Extra"]
[Source "ChessBase"]
[SourceDate "2015.06.18"]
[SourceVersion "1"]
[SourceVersionDate "2015.06.18"]
[SourceQuality "1"]

1. e4 c5 2. d4 cxd4 3. c3 dxc3 4. Nxc3 d6 5. Nf3 Nc6 6. Be2 Nf6 7. 0-0 g6 8. Be3 Bg7 9. Rc1 Bd7 10. Qd2 Ng4 11. Bf4 Nf6 12. Rfd1 0-0 13. h3 Qb6 14. Be3 Qd8 15. Bg5 Be6 16. Qe3 Nd7 17. Rxd6 Qb6 18. Rd2 Qxe3 19. Bxe3 Nde5 20. Ng5 Nc4 21. Nxe6 Nxd2 22. Nxf8 Bxc3 23. bxc3 Nxe4 24. Nd7 Rd8 25. Nc5 Nxc5 26. Bxc5 Rd2 27. Bc4 Ne5 28. Bb3 Nd3 29. Be3 Re2 30. Rd1 Nb2 31. Rd7 Re1+ 32. Kh2 Rd1 33. Bxd1 Nxd1 34. Rxd1 f5 35. Rd7 e5 36. Rxb7 f4 37. Bxa7 1-0

[Event "Recife Arraes Memorial 8th"]
[Site "Recife"]
[Date "2015.05.01"]
[Round "2"]
[White "Almeida, Carlos Bruno Gomes"]
[Black "Lemos, Doriedson"]
[Result "0-1"]
[WhiteElo "1876"]
[BlackElo "2086"]
[PlyCount "63"]
[EventDate "2015.05.01"]
[EventType "swiss"]
[EventRounds "6"]
[EventCountry "BRA"]
[SourceTitle "EXT 2016"]
[Source "ChessBase"]
[SourceDate "2015.10.08"]
[SourceVersion "1"]
[SourceVersionDate "2015.10.08"]
[SourceQuality "1"]

1. d4 Nf6 2. c4 e6 3. Nc3 Bb4 4. a3 Bxc3+ 5. bxc3 b6 6. Bg5 Bb7 7. e3 d6 8. Nf3 Nbd7 9. Bd3 h6 10. Bh4 Qe7 11. 0-0 0-0 12. Qe2 e5 13. Bf5 g5 14. Bg3 Be4 15. Bxd7 Nxd7 16. Nd2 Bg6 17. e4 Rae8 18. Rfe1 Kg7 19. f3 Rh8 20. Nb3 Qe6 21. a4 h5 22. Rab1 h4 23. Bf2 Nf6 24. c5 g4 25. Be3 h3 26. Bg5 hxg2 27. Bxf6+ Qxf6 28. fxg4 Rh3 29. Qxg2 Reh8 30. Rb2 Rxc3 31. Rf2 Qg5 32. Rf3 0-1

[Event "Recife Pernambuco-ch"]
[Site "Recife"]
[Date "2014.12.13"]
[Round "8"]
[White "Galindo, Tome H Brasil"]
[Black "Almeida, Carlos Bruno Gomes"]
[Result "1-0"]
[WhiteElo "2059"]
[BlackElo "1881"]
[PlyCount "69"]
[EventDate "2014.12.05"]
[EventType "tourn"]
[EventRounds "9"]
[EventCountry "BRA"]
[SourceTitle "EXT 2016"]
[Source "ChessBase"]
[SourceDate "2015.10.08"]
[SourceVersion "1"]
[SourceVersionDate "2015.10.08"]
[SourceQuality "1"]

1. d4 d5 2. Nf3 Nf6 3. c4 e6 4. cxd5 exd5 5. Bg5 Be7 6. Nc3 c6 7. e3 0-0 8. Qc2 Nbd7 9. Bd3 h6 10. Bh4 Re8 11. 0-0 Ne4 12. Bg3 Nxg3 13. hxg3 Bf6 14. Rfe1 Nf8 15. e4 dxe4 16. Nxe4 Bg4 17. Nxf6+ Qxf6 18. Ne5 Be6 19. Re4 Nd7 20. Rae1 Nxe5 21. dxe5 Qg5 22. R4e3 Qd8 23. f4 Qb6 24. b3 Bd5 25. Kh2 Re7 26. Qc3 Kh8 27. Bb1 Qd8 28. Qd3 Qg8 29. g4 g6 30. Rh3 Qh7 31. Qd4 Qg7 32. Rh1 Rd8 33. Kg3 Red7 34. Rxh6+ Kg8 35. Rh8+ 1-0

[Event "Recife Regiao op"]
[Site "Recife"]
[Date "2014.10.31"]
[Round "3"]
[White "De Lima, Carlos Alexandre"]
[Black "Almeida, Carlos Bruno Gomes"]
[Result "1-0"]
[WhiteElo "2094"]
[BlackElo "1905"]
[PlyCount "35"]
[EventDate "2014.10.30"]
[EventType "swiss"]
[EventRounds "7"]
[EventCountry "BRA"]
[SourceTitle "EXT 2015"]
[Source "ChessBase"]
[SourceDate "2014.11.20"]
[SourceVersion "1"]
[SourceVersionDate "2014.11.20"]
[SourceQuality "1"]

1. e4 e5 2. f4 d5 3. Nf3 Bg4 4. Be2 Nf6 5. Nxe5 Bxe2 6. Qxe2 dxe4 7. Nc3 Bd6 8. Nxe4 0-0 9. Nxf6+ gxf6 10. Nc4 Re8 11. Ne3 Qd7 12. 0-0 Kh8 13. b3 Bf8 14. Bb2 Bg7 15. Rf3 Nc6 16. Rh3 Qf5 17. Nxf5 Rxe2 18. Rg3 1-0

[Event "Joao Pessoa op 5th"]
[Site "Joao Pessoa"]
[Date "2014.03.16"]
[Round "6"]
[White "Macedo, Maximo Valerio"]
[Black "Almeida, Carlos Bruno Gomes"]
[Result "1-0"]
[WhiteElo "2064"]
[BlackElo "1909"]
[PlyCount "127"]
[EventDate "2014.03.14"]
[EventType "swiss"]
[EventRounds "6"]
[EventCountry "BRA"]
[SourceTitle "CBM 159 Extra"]
[Source "ChessBase"]
[SourceDate "2014.04.24"]
[SourceVersion "1"]
[SourceVersionDate "2014.04.24"]
[SourceQuality "1"]

1. d4 Nf6 2. Nc3 d5 3. Bg5 e6 4. e4 dxe4 5. Nxe4 Be7 6. Bxf6 Bxf6 7. Nf3 0-0 8. Qd3 Nc6 9. 0-0-0 b6 10. Nxf6+ Qxf6 11. Qe4 Bb7 12. Ba6 Bxa6 13. Qxc6 Qe7 14. Rhe1 Qd6 15. Qe4 Qd5 16. Qxd5 exd5 17. Re7 Rfe8 18. Rde1 Rxe7 19. Rxe7 c5 20. c3 Bf1 21. g3 Bg2 22. Ne1 Bh1 23. f3 Kf8 24. Rd7 cxd4 25. cxd4 Re8 26. Kd2 Re7 27. Rxd5 g6 28. Rd8+ Kg7 29. Rc8 h5 30. Rc3 g5 31. h3 f5 32. Re3 Rd7 33. Kd3 g4 34. hxg4 hxg4 35. fxg4 fxg4 36. Re5 Kf6 37. Rb5 Bb7 38. Nc2 Re7 39. Ne3 Be4+ 40. Kd2 Bf3 41. Rf5+ Kg6 42. Rf4 Kg5 43. d5 Rd7 44. Rd4 b5 45. d6 a6 46. Nc2 Kf5 47. Ne1 Ke5 48. Nxf3+ gxf3 49. Ke3 f2 50. Rf4 Rxd6 51. Rxf2 Rg6 52. Kf3 a5 53. g4 b4 54. Kg3 Rd6 55. g5 Ke4 56. Kg4 Rd1 57. g6 Kd3 58. Kg5 a4 59. Kh6 Ke3 60. Rg2 Rd6 61. Kh7 Rd4 62. g7 Rh4+ 63. Kg6 Kf3 64. Rg5 1-0

[Event "Joao Pessoa op 5th"]
[Site "Joao Pessoa"]
[Date "2014.03.15"]
[Round "3"]
[White "Almeida, Carlos Bruno Gomes"]
[Black "Lins Junior, Joao Ferreira"]
[Result "1-0"]
[WhiteElo "1909"]
[BlackElo "1800"]
[PlyCount "31"]
[EventDate "2014.03.14"]
[EventType "swiss"]
[EventRounds "6"]
[EventCountry "BRA"]
[SourceTitle "CBM 159 Extra"]
[Source "ChessBase"]
[SourceDate "2014.04.24"]
[SourceVersion "1"]
[SourceVersionDate "2014.04.24"]
[SourceQuality "1"]

1. e4 e5 2. Nf3 Nc6 3. Bb5 Nd4 4. Be2 Nxf3+ 5. Bxf3 d6 6. 0-0 Nf6 7. c3 Be6 8. d4 Qd7 9. Bg5 Ng8 10. d5 Nf6 11. dxe6 Qxe6 12. Re1 Be7 13. Nd2 h6 14. Bxf6 Bxf6 15. Nf1 0-0-0 16. Bg4 1-0

[Event "Cidade de Paulista 1st"]
[Site "Piedade"]
[Date "2013.12.10"]
[Round "6"]
[White "Almeida, Carlos Bruno Gomes"]
[Black "Araujo, Sergio Murilo"]
[Result "0-1"]
[WhiteElo "1917"]
[BlackElo "2109"]
[PlyCount "94"]
[EventDate "2013.12.07"]
[EventType "tourn"]
[EventRounds "7"]
[EventCountry "BRA"]
[SourceTitle "EXT 2018"]
[Source "ChessBase"]
[SourceDate "2017.10.13"]
[SourceVersion "1"]
[SourceVersionDate "2017.10.13"]
[SourceQuality "1"]

1. e4 d6 2. d4 Nf6 3. Nc3 g6 4. Bg5 Bg7 5. Be2 c6 6. Qd2 b5 7. a3 0-0 8. Nf3 a6 9. 0-0 Qc7 10. Rad1 Nbd7 11. h3 Bb7 12. Rfe1 c5 13. dxc5 Nxc5 14. Bd3 Rfe8 15. Qc1 Rac8 16. Re2 Nfd7 17. Nd5 Bxd5 18. exd5 Nb6 19. c3 Qb7 20. Bc2 Nxd5 21. Qd2 Nb6 22. Rde1 Nc4 23. Qf4 e5 24. Qc1 Ne6 25. Rd1 d5 26. h4 e4 27. Nd2 Ne5 28. Nb3 Ng4 29. Be3 Red8 30. Nd4 Qc7 31. g3 Nxd4 32. cxd4 Qc4 33. Qd2 Rd6 34. Bb1 Rdc6 35. Ree1 Qb3 36. Qe2 h5 37. Qd2 Bf8 38. Rc1 Rc4 39. Rxc4 Rxc4 40. Rc1 b4 41. Rxc4 Qxc4 42. axb4 Bxb4 43. Qc2 Qb5 44. Ba2 Be1 45. Qc1 Qe2 46. Kh1 Qf3+ 47. Kg1 Bxf2+ 0-1

[Event "Cidade de Paulista 1st"]
[Site "Piedade"]
[Date "2013.12.08"]
[Round "4"]
[White "Almeida, Carlos Bruno Gomes"]
[Black "Alves Campelo, Danilo Cesar De"]
[Result "1-0"]
[WhiteElo "1917"]
[BlackElo "1998"]
[PlyCount "71"]
[EventDate "2013.12.07"]
[EventType "tourn"]
[EventRounds "7"]
[EventCountry "BRA"]
[SourceTitle "EXT 2018"]
[Source "ChessBase"]
[SourceDate "2017.10.13"]
[SourceVersion "1"]
[SourceVersionDate "2017.10.13"]
[SourceQuality "1"]

1. e4 e6 2. d4 d5 3. Nc3 Nf6 4. Bg5 Bb4 5. e5 h6 6. Bd2 Bxc3 7. bxc3 Ne4 8. Nf3 c5 9. Bd3 Nxd2 10. Qxd2 Nc6 11. 0-0 Qa5 12. Rfd1 0-0 13. h3 a6 14. Qe3 c4 15. Be2 Na7 16. a4 Bd7 17. Rdb1 Bc6 18. Nh2 Nc8 19. f4 Nb6 20. g4 Nxa4 21. Ra3 Qd8 22. g5 Qe7 23. Raa1 Kh7 24. Kh1 Rh8 25. gxh6 g6 26. Ng4 Qh4 27. f5 g5 28. fxe6 fxe6 29. Rf1 Raf8 30. Bd3+ Kg8 31. Bg6 Rxh6 32. Rxf8+ Kg7 33. Nxh6 Qxh6 34. Raf1 Qh4 35. Qf3 g4 36. Qf7+ 1-0

[Event "Recife Arraes Memorial 5th"]
[Site "Recife"]
[Date "2012.09.08"]
[Round "4"]
[White "Almeida, Carlos Bruno Gomes"]
[Black "Rodrigues da Silva, Evandro"]
[Result "0-1"]
[WhiteElo "1948"]
[BlackElo "2166"]
[PlyCount "120"]
[EventDate "2012.09.06"]
[EventType "swiss"]
[EventRounds "7"]
[EventCountry "BRA"]
[SourceTitle "EXT 2013"]
[Source "ChessBase"]
[SourceDate "2012.11.22"]
[SourceVersion "1"]
[SourceVersionDate "2012.11.22"]
[SourceQuality "1"]

1. d4 Nf6 2. c4 g6 3. Nc3 Bg7 4. e4 d6 5. Nf3 0-0 6. Be2 e5 7. d5 Nbd7 8. 0-0 Nc5 9. Bd3 Nxd3 10. Qxd3 b6 11. h3 Ne8 12. Be3 f5 13. Rac1 f4 14. Bd2 g5 15. Nh2 Nf6 16. f3 h5 17. Qe2 Rf7 18. Nd1 a5 19. Nf2 Bh6 20. Rfd1 Rg7 21. b4 axb4 22. Bxb4 g4 23. hxg4 hxg4 24. fxg4 f3 25. gxf3 Bxc1 26. Rxc1 Nh7 27. Nh3 Qh4 28. Kg2 Ng5 29. Nxg5 Qxg5 30. Rc2 Rh7 31. Qf2 Qh6 32. Kg1 Bd7 33. Bd2 Qg6 34. Qe3 Qf7 35. Be1 Rf8 36. Rc3 Rh3 37. Kg2 Qh7 38. Bg3 Kf7 39. Qf2 Rh8 40. Kg1 Ke7 41. Ra3 Qh6 42. Rc3 Rf8 43. Qe1 Rh8 44. Qf2 Ra8 45. Kg2 Rh8 46. Kg1 Ra8 47. Kg2 Ra4 48. a3 Ra8 49. Qe3 Qxe3 50. Rxe3 Rhh8 51. Be1 Ra4 52. Bb4 Kf6 53. Nf1 Bc8 54. Ng3 Bd7 55. Ne2 Rh7 56. Nc3 Ra8 57. Nb5 Rah8 58. Kf2 Rh2+ 59. Kg1 Kg5 60. Rd3 Rh1+ 0-1

[Event "Recife Tavares Memorial"]
[Site "Recife"]
[Date "2011.12.10"]
[Round "3.1"]
[White "Almeida, Carlos Bruno Gomes"]
[Black "Da Silva Filho, Ibernon Luiz"]
[Result "1-0"]
[WhiteElo "1947"]
[BlackElo "1722"]
[PlyCount "51"]
[EventDate "2011.12.08"]
[EventType "swiss"]
[EventRounds "5"]
[EventCountry "BRA"]
[SourceTitle "EXT 2022"]
[Source "ChessBase"]
[SourceDate "2021.10.06"]
[SourceVersion "1"]
[SourceVersionDate "2021.10.06"]
[SourceQuality "1"]

1. e4 c6 2. d4 d5 3. exd5 cxd5 4. c4 dxc4 5. Bxc4 e6 6. Nf3 Nf6 7. 0-0 Be7 8. Nc3 0-0 9. h3 Nc6 10. Bf4 a6 11. Re1 b5 12. Bd3 Qb6 13. Be3 Qc7 14. Rc1 Qd8 15. Ne4 Nb4 16. Bb1 Nbd5 17. Qd3 Nxe4 18. Qxe4 f5 19. Qd3 Nxe3 20. Qxe3 Qd5 21. Re2 h6 22. Bc2 Bg5 23. Nxg5 hxg5 24. Bb3 f4 25. Bxd5 fxe3 26. Bxa8 1-0

[Event "Natal op-B 8th"]
[Site "Natal"]
[Date "2011.03.05"]
[Round "3"]
[White "Azevedo, Eduardo Jose E"]
[Black "Almeida, Carlos Bruno Gomes"]
[Result "1/2-1/2"]
[WhiteElo "1923"]
[BlackElo "1932"]
[PlyCount "57"]
[EventDate "2011.03.04"]
[EventType "swiss"]
[EventRounds "7"]
[EventCountry "BRA"]
[SourceTitle "EXT 2013"]
[Source "ChessBase"]
[SourceDate "2012.11.22"]
[SourceVersion "1"]
[SourceVersionDate "2012.11.22"]
[SourceQuality "1"]

1. e4 e5 2. Nf3 Nc6 3. d4 exd4 4. Nxd4 Nf6 5. Nxc6 bxc6 6. e5 Qe7 7. Qe2 Nd5 8. c4 Nb6 9. Nc3 g6 10. Bf4 Bg7 11. 0-0-0 a5 12. Qe4 0-0 13. h4 Re8 14. Bd3 Ba6 15. h5 Bxe5 16. hxg6 fxg6 17. Rde1 Bxf4+ 18. Qxf4 Qxe1+ 19. Rxe1 Rxe1+ 20. Kd2 Ree8 21. Ne4 Rf8 22. Qh6 Rae8 23. Kc3 d5 24. Ng5 Re7 25. Bxg6 hxg6 26. Qxg6+ Rg7 27. Qe6+ Kh8 28. Qh6+ Kg8 29. Qe6+ 1/2-1/2